North, South, East, or West? Multiple Choice Quiz Stats

Quiz Updated Jul 26, 2017

Challenge
Share
Tweet
Embed
Score 0/40 Timer 05:00
4 Plays Today
Question Answer Wrong Answers
Wild Wild _____
Classic TV series or Will Smith movie
West
95.4%
North
0.2%
South
0.2%
East
0.2%
Middle _____
Region of Western Asia and Egypt
East
94.9%
North
0.2%
South
0.3%
West
0.7%
Kanye _____
American rapper married to Kim Kardashian
West
94.4%
North
0.6%
South
0.4%
East
0.5%
_____ Park
Long-running animated sitcom
South
94.3%
North
0.8%
East
0.4%
West
0.6%
_____ Side Story
Classic American musical
West
93.3%
North
0.3%
South
1.4%
East
1.1%
_____ by Northwest
Classic Hitchcock film
North
92.8%
South
1.1%
East
0.6%
West
1.3%
Deep _____
US subregion containing states like Georgia and Alabama
South
92.6%
North
1.5%
East
0.6%
West
1.1%
The _____ Wing
Martin Sheen political TV series
West
92.6%
North
0.9%
South
0.8%
East
1.6%
Adam _____
Actor famous for role as Batman in the 1960s TV show and movie
West
92.5%
North
2.1%
South
0.6%
East
0.8%
_____ Africa
Nelson Mandela-led nation
South
92%
North
2%
East
0.5%
West
1.5%
New _____ Wales
State of Australia
South
91.3%
North
1.3%
East
1.8%
West
1.5%
_____ by Southwest
Popular Austin music festival
South
91.1%
North
2.5%
East
0.5%
West
1.7%
_____ Pacific
Rodgers and Hammerstein musical
South
87.3%
North
4.9%
East
1.6%
West
2.1%
How the _____ Was Won
Epic MGM film
West
87.2%
North
2.7%
South
4.7%
East
1.3%
_____ of Eden
John Steinbeck novel or Elia Kazan movie
East
84.6%
North
3.7%
South
4.8%
West
2.6%
_____ Sea
Sea of Europe
North
83.9%
South
9.6%
East
1.4%
West
0.8%
_____ Sudan
Newest country in the world
South
83.4%
North
5.6%
East
4%
West
2.7%
_____ Germany
Soviet-occupied Germany during the Cold War
East
82.9%
North
1.4%
South
1%
West
10.6%
_____ of the Border
Herb Alpert's Tijuana Brass album
South
82.4%
North
9.6%
East
1.7%
West
2.1%
'Go _____, young man':
Manifest destiny quote attributed to Horace Greeley
West
82.1%
North
5.9%
South
4.4%
East
3.3%
_____ Beach Diet
Arthur Agatston's fad diet
South
82%
North
4.9%
East
2.1%
West
6.6%
_____ Korea
Pyongyang country
North
81.5%
South
14.2%
East
0.2%
West
0.2%
_____ to Alaska
Comedic John Wayne film
North
81.2%
South
4.8%
East
2.7%
West
7%
Song of the _____
Controversial Disney film
South
81.1%
North
5.1%
East
5%
West
4.7%
_____ India Company
British company that traded with the Indian subcontinent and Qing China
East
80.1%
North
2.7%
South
3.1%
West
10.2%
_____ Bank
Landlocked territory and site of Israeli-Palestinian conflict
West
78.9%
North
3.5%
South
6.6%
East
6.9%
_____ Timor
Alternate name for Timor-Leste
East
74%
North
5.7%
South
7.1%
West
8.8%
_____ End Girls
Pet Shop Boys song
West
73.9%
North
3.2%
South
4.4%
East
14.1%
Lower _____ Side
Traditionally immigrant, working-class neighborhood in Manhattan
East
73.1%
North
1.2%
South
5.6%
West
15.9%
Oliver _____
Iran-Contra figure
North
72.5%
South
2.4%
East
3%
West
17.7%
Once Upon a Time in the _____
Sergio Leone epic
West
69.7%
North
4.1%
South
16.5%
East
5.3%
Far _____ Movement
'Like a G6' group
East
68.5%
North
6%
South
4.7%
West
16.4%
_____ is _____
Film about a British-Pakistani household
East
66.9%
North
10.2%
South
4.5%
West
14.1%
Big _____ Conference
Collegiate athletic conference mostly comprised of the 'Catholic Seven' schools
East
66.2%
North
9.5%
South
11.3%
West
8.6%
_____ Pole
Robert Peary was first to reach this place
North
63.9%
South
30.3%
East
0.4%
West
1.5%
_____ America
3rd largest continent by area
North
61.1%
South
34.5%
East
0.1%
West
0.3%
_____ Dallas Forty
Nick Nolte football movie
North
58.4%
South
14.9%
East
11.1%
West
11.1%
Girl from the _____ Country
Bob Dylan song
North
48.3%
South
19.8%
East
6.5%
West
20.9%
_____ End
Area of London and setting of long-running soap opera
East
44.7%
North
5.9%
South
5.4%
West
39.9%
_____ Island
Most populous island of New Zealand
North
42.5%
South
35.3%
East
11.7%
West
6.2%

You're not logged in!

Compare scores with friends on all Sporcle quizzes.
Sign Up with Email
OR
Log In

You Might Also Like...

Show Comments

Extras

Top Quizzes Today


Score Distribution

Your Account Isn't Verified!

In order to create a playlist on Sporcle, you need to verify the email address you used during registration. Go to your Sporcle Settings to finish the process.